00338cam a22001097a 4500008004000000082001800040100001700058245007500075260002400150300001000174650004400184180718b1987 xxu||||| |||| 00| 0 eng d aT19x5432 Sh23 aSharma, L.R. aThe economy of Himanchal Pradesh: growth and structurecby L.R. Sharma aDelhibMittalc1987 a167p. aEconomic development - Himachal Pradesh